[Event "Mondiale Semilampo FIDE 2024"]
[Site "New York"]
[Date "26.12.2024"]
[Round "1.65"]
[White "Ansat, Aldiyar"]
[Black "Bu, Xiangzhi"]
[Result "1-0"]
[WhiteTitle "IM"]
[BlackTitle "GM"]
[WhiteElo "2479"]
[BlackElo "2684"]
[WhiteFideId "13715658"]
[BlackFideId "8601445"]
[EventDate "26.12.2024"]

1. e4 e5 2. Nf3 Nc6 3. Bb5 a6 4. Ba4 g6 5. c3 Bg7 6. d4 exd4 7. cxd4 b5 8. Bb3
Nge7 9. O-O O-O 10. Nc3 d6 11. h3 Na5 12. Bc2 c5 13. Bg5 h6 14. Bh4 cxd4 15.
Nxd4 g5 16. Bg3 Nc4 17. Rb1 Re8 18. Re1 Bb7 19. h4 Qb6 20. Nce2 gxh4 21. Bxh4
Ng6 22. Bg3 Bxe4 23. Nf5 Bxf5 24. Bxf5 Ne7 25. Bd7 Red8 26. Bh3 Ng6 27. Nf4 Nxf4
28. Bxf4 Qd4 29. Qxd4 Bxd4 30. b3 Na3 31. Rbd1 Bg7 32. Rxd6 Nc2 33. Rc1 Nb4 34.
a4 bxa4 35. bxa4 Rxd6 36. Bxd6 Bf8 37. Bc7 a5 38. Bd7 Nd5 39. Be5 Nb4 40. Bb5
Rd8 41. Bc7 Rc8 42. Bd7 Ra8 43. g3 Be7 44. Kg2 Bd8 45. Bd6 Bf6 46. Bb5 Rd8 47.
Bc7 Rc8 48. Rc4 Bd8 49. Rg4+ Kf8 50. Bd6+ Be7 51. Bf4 Bg5 52. Bxg5 hxg5 53. Rxg5
Rc2 54. Re5 Kg7 55. Rf5 f6 56. g4 Ra2 57. Rc5 Nc2 58. Rc7+ Kf8 59. Kg3 Nd4 60.
Rf7+ Kxf7 61. Bc4+ Kg6 62. Bxa2 Ne2+ 63. Kh4 Nf4 64. Bb1+ Kh6 65. Be4 Ne2 66.
Bf5 Nc3 67. Bd7 Ne2 68. Bb5 Nd4 69. Bc4 Nf3+ 70. Kg3 Ne5 71. Bb5 Ng6 72. f4 Ne7
73. Kf3 f5 74. g5+ Kg7 75. Bc4 Ng6 76. Ke3 Nh4 77. Kd4 Ng6 78. Be6 Nxf4 79. Bxf5
Kf7 80. Kc4 Ng2 81. Kb5 Ne3 82. Be4 Ke6 83. Kxa5 Ke5 84. g6 1-0

[Event "Mondiale Semilampo FIDE 2024"]
[Site "New York"]
[Date "26.12.2024"]
[Round "1.66"]
[White "Volokitin, Andrei"]
[Black "Rosen, Eric"]
[Result "1-0"]
[WhiteTitle "GM"]
[BlackTitle "IM"]
[WhiteElo "2649"]
[BlackElo "2377"]
[WhiteFideId "14107090"]
[BlackFideId "2032562"]
[EventDate "26.12.2024"]

1. e4 c5 2. Nf3 Nc6 3. Bb5 d6 4. O-O Bd7 5. Re1 a6 6. Bf1 Bg4 7. c3 e6 8. d4
Bxf3 9. gxf3 Qh4 10. d5 Ne5 11. h3 Nf6 12. f4 Ng6 13. dxe6 fxe6 14. f5 Ne5 15.
Nd2 exf5 16. exf5 O-O-O 17. Bg2 g5 18. Ne4 Nxe4 19. Rxe4 Qh6 20. h4 Qf6 21. Bxg5
Qxf5 22. Bxd8 Kxd8 23. Qb3 b5 24. Rae1 c4 25. Rxe5 Qxe5 26. Qd1 Qf6 27. Qd5 h5
28. Qa8+ Kd7 29. Qc6+ Kd8 30. Re8# 1-0

[Event "Mondiale Semilampo FIDE 2024"]
[Site "New York"]
[Date "26.12.2024"]
[Round "1.67"]
[White "Juksta, Karolis"]
[Black "Paravyan, David"]
[Result "1/2-1/2"]
[WhiteTitle "IM"]
[BlackTitle "GM"]
[WhiteElo "2403"]
[BlackElo "2620"]
[WhiteFideId "12809039"]
[BlackFideId "4194985"]
[EventDate "26.12.2024"]

1. d4 d5 2. c4 dxc4 3. e3 Nf6 4. Bxc4 e6 5. Nf3 c5 6. O-O cxd4 7. exd4 Be7 8.
Nc3 O-O 9. Qe2 a6 10. a4 Nc6 11. Rd1 Nb4 12. Bg5 Bd7 13. Ne5 Be8 14. Bxf6 Bxf6
15. d5 exd5 16. Nxd5 Nxd5 17. Rxd5 Qe7 18. Nd7 Qxe2 19. Nxf6+ gxf6 20. Bxe2 Bc6
21. Rf5 Rad8 22. Bf3 Rd6 23. Bxc6 Rxc6 24. g3 Rd8 25. Ra3 Rb6 26. a5 Rxb2 27.
Rxf6 Rb5 28. Raf3 Rd7 29. R6f5 Rxf5 30. Rxf5 Rd6 31. Kg2 b6 32. axb6 Rxb6 33.
Ra5 Kg7 34. g4 h6 35. Kg3 Rc6 36. h4 Rb6 37. f3 Rc6 38. Kf4 Rf6+ 39. Kg3 Rc6 40.
Kf4 1/2-1/2

[Event "Mondiale Semilampo FIDE 2024"]
[Site "New York"]
[Date "26.12.2024"]
[Round "1.68"]
[White "Rakhmanov, Aleksandr"]
[Black "Chasin, Nico"]
[Result "0-1"]
[WhiteTitle "GM"]
[BlackTitle "IM"]
[WhiteElo "2585"]
[BlackElo "2417"]
[WhiteFideId "4173708"]
[BlackFideId "30908477"]
[EventDate "26.12.2024"]

1. d4 Nf6 2. c4 e6 3. Nc3 d5 4. cxd5 exd5 5. Bg5 c6 6. e3 Nbd7 7. Bd3 Be7 8. Bf4
O-O 9. h3 c5 10. Nf3 c4 11. Bc2 a6 12. a4 Re8 13. O-O Bb4 14. Ne5 Nf8 15. Bg5
Be6 16. f4 Be7 17. Qf3 Qd6 18. f5 Bd7 19. Bf4 Bc6 20. a5 Qb4 21. Rfb1 Bd6 22. g4
N6d7 23. Qg3 Bxe5 24. dxe5 Rad8 25. g5 Qe7 26. f6 Qe6 27. Ne2 Nc5 28. Nd4 Qd7
29. Bf5 Nfe6 30. Kh2 g6 31. Bg4 Qc7 32. h4 Ne4 33. Qg1 Bd7 34. Bxe6 Bxe6 35. h5
gxh5 36. Nxe6 Rxe6 37. Qd1 Rxe5 38. Qxh5 Nxf6 39. Qh3 Ne4 40. Kg2 Qe7 41. Rh1
Rxg5+ 42. Kf3 f6 43. Rag1 Rxg1 44. Rxg1+ Ng5+ 45. Ke2 d4 46. Qf5 h6 47. Rc1 dxe3
48. Bxe3 Kg7 49. Rxc4 Qd6 50. Rd4 Qh2+ 51. Kd1 Rxd4+ 52. Bxd4 Qh1+ 53. Kd2 Qg2+
54. Kc1 Qc6+ 55. Bc3 Qh1+ 56. Kd2 Qg2+ 57. Kc1 Qc6 58. Qf4 Qh1+ 59. Kd2 Qh2+ 60.
Qxh2 Nf3+ 61. Ke3 Nxh2 62. Kf4 h5 63. Kf5 Ng4 64. Ke6 h4 65. Be1 h3 66. Bg3 h2 0-1

[Event "Mondiale Semilampo FIDE 2024"]
[Site "New York"]
[Date "26.12.2024"]
[Round "1.69"]
[White "Amartuvshin, Ganzorig"]
[Black "Hong, Andrew"]
[Result "1-0"]
[WhiteTitle "IM"]
[BlackTitle "GM"]
[WhiteElo "2392"]
[BlackElo "2572"]
[WhiteFideId "4902548"]
[BlackFideId "2099438"]
[EventDate "26.12.2024"]

1. d4 Nf6 2. c4 e6 3. Nf3 h6 4. Nc3 Bb4 5. e3 O-O 6. Bd3 d6 7. O-O Bxc3 8. bxc3
Nbd7 9. e4 e5 10. c5 Re8 11. cxd6 cxd6 12. Re1 Nf8 13. h3 Ng6 14. c4 b6 15. a4
Bb7 16. dxe5 dxe5 17. Qc2 Nd7 18. Be3 Qc7 19. a5 Nc5 20. Bxc5 Qxc5 21. g3 Bc6
22. axb6 axb6 23. Qb2 Red8 24. Rxa8 Bxa8 25. Ra1 Rxd3 26. Rxa8+ Kh7 27. Qe2 Nf4
28. gxf4 Qxc4 29. Kg2 exf4 30. Rd8 Rc3 31. Qxc4 Rxc4 32. Rd4 Rc5 33. Ne1 g5 34.
Nd3 Rc3 35. Rd7 Kg7 36. e5 Kf8 37. Kf3 b5 38. Ke4 b4 39. Nxb4 Rxh3 40. Kf5 Ke8
41. Rd6 Ra3 42. Nc6 Ra8 43. Rxh6 Kd7 44. Rd6+ Kc7 45. Ne7 Ra2 46. Nd5+ Kc8 47.
f3 Rg2 48. Rf6 Rg3 49. Ke4 g4 50. fxg4 Rxg4 51. Rxf7 f3+ 52. Kxf3 Rd4 53. Nf6
Rd3+ 54. Ke4 Rd1 55. e6 Re1+ 56. Kd5 Rd1+ 57. Ke5 Re1+ 58. Kd6 Rd1+ 59. Nd5 Re1
60. e7 Kb8 61. Rf8+ Ka7 62. e8=Q Re6+ 63. Qxe6 1-0

[Event "Mondiale Semilampo FIDE 2024"]
[Site "New York"]
[Date "26.12.2024"]
[Round "1.70"]
[White "Lomasov, Semyon"]
[Black "Ohanyan, Emin"]
[Result "1/2-1/2"]
[WhiteTitle "GM"]
[BlackTitle "GM"]
[WhiteElo "2559"]
[BlackElo "2514"]
[WhiteFideId "24164879"]
[BlackFideId "13312022"]
[EventDate "26.12.2024"]

1. e4 c5 2. Nf3 e6 3. d4 cxd4 4. Nxd4 Nf6 5. Nc3 Nc6 6. a3 Bc5 7. Nxc6 dxc6 8.
Qxd8+ Kxd8 9. e5 Ng4 10. Ne4 Bd4 11. f4 Ne3 12. Bxe3 Bxe3 13. g3 Ke7 14. Ke2 Bb6
15. Bh3 f6 16. exf6+ gxf6 17. Rad1 f5 18. Ng5 h6 19. Nf3 Bd7 20. Rhe1 Rhd8 21.
Kf1 Kf6 22. Ne5 Be8 23. Bg2 Bc7 24. Bf3 Rxd1 25. Bxd1 Rd8 26. Nd3 b6 27. Bf3 c5
28. Rd1 c4 29. Nc1 c3 30. b3 Bb5+ 31. Ke1 Rxd1+ 32. Kxd1 Bd6 33. a4 Ba6 34. Na2
Bc5 35. Nxc3 Bd4 36. Kd2 Bg1 37. Ke1 Bd4 38. Na2 e5 39. c3 Bc5 40. Nb4 Bxb4 41.
cxb4 exf4 42. gxf4 Bc8 43. Bd5 Bd7 44. Ke2 Ke7 45. Ke3 Be8 46. Kd4 Kd6 47. Bg8
Bc6 48. Bf7 Bd7 49. Ke3 Ke7 50. Bc4 Bc6 51. Kf2 Bd7 52. Kf3 Bc6+ 53. Kg3 Kf6 54.
Kh4 Be8 55. Bd5 Kg7 56. Kg3 Kf6 57. Kf3 Ke7 58. Ke3 Kd6 59. Bg8 Bd7 60. Kd4 Be8
61. a5 Bd7 62. Bc4 Be8 63. Ke3 Bd7 1/2-1/2

[Event "Mondiale Semilampo FIDE 2024"]
[Site "New York"]
[Date "26.12.2024"]
[Round "1.71"]
[White "Schnaider, Ilan"]
[Black "Tari, Aryan"]
[Result "0-1"]
[WhiteTitle "IM"]
[BlackTitle "GM"]
[WhiteElo "2392"]
[BlackElo "2629"]
[WhiteFideId "169013"]
[BlackFideId "1510045"]
[EventDate "26.12.2024"]

1. d4 Nf6 2. Nc3 d5 3. Bf4 a6 4. e3 h6 5. Nf3 e6 6. Be2 c5 7. Ne5 Nc6 8. Nxc6
bxc6 9. Na4 cxd4 10. exd4 Bd6 11. Bxd6 Qxd6 12. O-O O-O 13. c3 a5 14. Re1 Nd7
15. Qd2 Ba6 16. Bxa6 Rxa6 17. a3 c5 18. Nxc5 Nxc5 19. dxc5 Qxc5 20. b4 Qc4 21.
a4 Rc6 22. Ra3 d4 23. Qxd4 Qxd4 24. cxd4 axb4 25. Rb3 Rc4 26. Reb1 Rb8 27. g3 g5
28. a5 Rxd4 29. a6 Kg7 30. a7 Ra8 31. Rxb4 Rd7 32. h4 Raxa7 33. hxg5 hxg5 34.
Kg2 Kg6 35. Rb8 Ra2 36. R8b2 Rxb2 37. Rxb2 Rd4 38. Rb5 g4 39. Ra5 f6 40. Ra2 Rd1
41. Ra4 Kg5 42. Ra8 e5 43. Rg8+ Kf5 44. Rg7 Re1 45. Rg8 Ra1 46. Rg7 Rd1 47. Rg8
Rd7 48. Kh2 Rd4 49. Kg2 Ke6 50. Rf8 f5 51. Kf1 Ra4 52. Kg2 Ra1 53. Rb8 Rc1 54.
Rf8 Rb1 55. Ra8 Rc1 56. Rf8 Rc2 57. Kg1 Rc5 58. Kg2 e4 59. Kf1 Ke5 60. Re8+ Kd4
61. Rd8+ Rd5 62. Ra8 Rc5 63. Rd8+ Ke5 64. Re8+ Kf6 65. Rf8+ Ke7 66. Ra8 Rc3 67.
Ke2 Rf3 68. Ra7+ Kf6 69. Ra6+ Ke5 70. Ra5+ Kd4 71. Ra4+ Kd5 72. Ra5+ Kd6 73.
Ra6+ Ke7 74. Ra7+ Kf6 75. Ra6+ Kg5 76. Re6 Ra3 77. Kf1 Rb3 78. Ke2 Rf3 79. Re8
Kf6 80. Rf8+ Ke7 81. Ra8 e3 82. fxe3 Rxg3 83. Ra6 Kf7 84. Rb6 Rg2+ 85. Kf1 Ra2
86. Rc6 Ke7 87. Rg6 Kf7 88. Rb6 Rd2 89. Ke1 Rh2 90. Kf1 Kg7 91. Ra6 Rh6 92. Ra8
Kf6 93. Rf8+ Ke5 94. Kf2 Rh2+ 95. Kg3 Re2 96. Re8+ Kf6 97. Rf8+ Kg6 98. Re8 Kf7
99. Re5 Kf6 100. Re8 Re1 101. Kf2 Rh1 102. Rf8+ Ke5 103. Re8+ Kd5 104. Rd8+ Ke6
105. Re8+ Kf7 106. Re5 Kf6 107. Re8 Rh2+ 108. Kg3 Rh3+ 109. Kf2 Rf3+ 110. Ke2
Kg5 111. Rh8 Rh3 112. Rf8 Rh2+ 113. Kf1 g3 114. Rg8+ Kh4 115. Kg1 Re2 116. Re8
Kh3 117. Rh8+ Kg4 118. Re8 Kf3 0-1

[Event "Mondiale Semilampo FIDE 2024"]
[Site "New York"]
[Date "26.12.2024"]
[Round "1.72"]
[White "Kevlishvili, Robby"]
[Black "Adewumi, Tanitoluwa"]
[Result "0-1"]
[WhiteTitle "GM"]
[BlackTitle "FM"]
[WhiteElo "2556"]
[BlackElo "2349"]
[WhiteFideId "1040634"]
[BlackFideId "30966396"]
[EventDate "26.12.2024"]

1. e4 c5 2. Nf3 Nc6 3. Nc3 e6 4. d4 cxd4 5. Nxd4 Nf6 6. Ndb5 d6 7. Bf4 e5 8. Bg5
a6 9. Na3 b5 10. Nab1 Ne7 11. Bxf6 gxf6 12. a4 b4 13. Nd5 Nxd5 14. exd5 f5 15.
Nd2 Bg7 16. a5 O-O 17. Nc4 Qh4 18. Qd2 Qe4+ 19. Qe3 Qxd5 20. Rd1 Qc6 21. Rxd6
Qc7 22. Qb6 Qe7 23. Ne3 Be6 24. Bc4 f4 25. Nd5 Qg5 26. Rxe6 Qxg2 27. Ne7+ Kh8
28. Bd5 e4 29. Bxe4 f3 30. Rf1 Rab8 31. Bxf3 Rxb6 32. axb6 Qxf3 33. Re3 Qb7 34.
Rg1 Qxb6 35. Rg4 f5 36. Rh4 f4 37. Re4 f3 38. Kf1 Qb5+ 39. Kg1 Qg5+ 40. Kf1 Qg2+ 0-1

[Event "Mondiale Semilampo FIDE 2024"]
[Site "New York"]
[Date "26.12.2024"]
[Round "1.73"]
[White "Larrea, Manuel"]
[Black "Ibarra Jerez, Jose Carlos"]
[Result "0-1"]
[WhiteTitle "FM"]
[BlackTitle "GM"]
[WhiteElo "2259"]
[BlackElo "2556"]
[WhiteFideId "3000508"]
[BlackFideId "2226332"]
[EventDate "26.12.2024"]

1. e4 c5 2. Nf3 d6 3. d4 Nf6 4. Nc3 cxd4 5. Nxd4 a6 6. Be2 e6 7. O-O b5 8. f4 b4
9. Na4 Nxe4 10. Bf3 d5 11. c4 bxc3 12. bxc3 Be7 13. Be3 O-O 14. Rb1 Bd7 15. Bxe4
dxe4 16. Nb6 Ra7 17. Qc2 Bc5 18. Nxd7 Nxd7 19. Qxe4 Nf6 20. Qf3 Qc8 21. Rfe1 Rc7
22. Rb3 Nd5 23. Bf2 Ne7 24. g4 Nc6 25. f5 Na5 26. Rb2 Bd6 27. Rc2 Nc4 28. f6 Be5
29. fxg7 Bxg7 30. Bg3 Rd7 31. Rce2 Qc5 32. Bf2 Qd5 33. Qxd5 Rxd5 34. Rb1 Rc8 35.
Rb3 h5 36. h3 hxg4 37. hxg4 Rg5 38. Kg2 Rxg4+ 39. Kf3 Rg5 40. Be3 Ne5+ 41. Kf2
Rh5 42. Kg2 Nc4 43. Bf4 e5 0-1

[Event "Mondiale Semilampo FIDE 2024"]
[Site "New York"]
[Date "26.12.2024"]
[Round "1.74"]
[White "Dardha, Daniel"]
[Black "Sharshenbekov, Emir"]
[Result "1-0"]
[WhiteTitle "GM"]
[BlackTitle "CM"]
[WhiteElo "2639"]
[BlackElo "2078"]
[WhiteFideId "240990"]
[BlackFideId "13810634"]
[EventDate "26.12.2024"]

1. Nf3 f5 2. c4 Nf6 3. g3 g6 4. Bg2 Bg7 5. O-O O-O 6. d4 d6 7. Nc3 Qe8 8. Nd5
Nxd5 9. cxd5 Qb5 10. e4 fxe4 11. Ng5 Qd3 12. Nxe4 Qxd4 13. Qe2 e5 14. Be3 Qa4
15. Rac1 Na6 16. Rc4 Qe8 17. Ng5 h6 18. Ne6 Bxe6 19. dxe6 c6 20. Bh3 Nc7 21. Rb4
b5 22. Rc1 c5 23. Qd2 Qe7 24. Rh4 g5 25. Rh5 Rad8 26. Bg4 Nxe6 27. h4 gxh4 28.
Bxh6 hxg3 29. Qd5 gxf2+ 30. Kf1 Rf6 31. Bg5 Rdf8 32. Rc3 Qe8 33. Bxf6 Rxf6 34.
Rf3 Rg6 35. Bf5 Rf6 36. Bh7+ Kf8 37. Rhf5 Kf7 38. Qb7+ Qe7 39. Bg6+ Kf8 40. Qc8+
Nd8 41. Rxf6+ Bxf6 42. Qf5 Kg7 43. Bh5 Bh4 44. Qg6+ Kh8 45. Qh6+ Kg8 46. Bg6 Bf6
47. Be4 Kf7 48. Qh5+ Kg8 1-0

[Event "Mondiale Semilampo FIDE 2024"]
[Site "New York"]
[Date "26.12.2024"]
[Round "1.75"]
[White "Bai, Adelard"]
[Black "Lazavik, Denis"]
[Result "1/2-1/2"]
[WhiteTitle "IM"]
[BlackTitle "GM"]
[WhiteElo "2393"]
[BlackElo "2578"]
[WhiteFideId "16301188"]
[BlackFideId "13515110"]
[EventDate "26.12.2024"]

1. d4 Nf6 2. Nc3 d5 3. Bf4 c5 4. e4 cxd4 5. Qxd4 Nc6 6. Bb5 Bd7 7. Bxc6 Bxc6 8.
e5 Nd7 9. e6 fxe6 10. Nf3 Qb6 11. Qd2 d4 12. Qxd4 Qxd4 13. Nxd4 Bxg2 14. Rg1 e5
15. Bxe5 Nxe5 16. Rxg2 g6 17. f4 Nc4 18. Ne6 Kf7 19. Re2 Bh6 20. O-O-O Nd6 21.
Nd5 Rac8 22. Kb1 Nf5 23. Rde1 Rhe8 24. c3 Rc6 25. Re4 Nd6 26. R4e2 Nf5 27. Re4
Nd6 28. R4e2 1/2-1/2

[Event "Mondiale Semilampo FIDE 2024"]
[Site "New York"]
[Date "26.12.2024"]
[Round "1.76"]
[White "Moradiabadi, Elshan"]
[Black "Degenbaev, Aziz"]
[Result "1-0"]
[WhiteTitle "GM"]
[BlackTitle "FM"]
[WhiteElo "2512"]
[BlackElo "2260"]
[WhiteFideId "12501255"]
[BlackFideId "13802640"]
[EventDate "26.12.2024"]

1. d4 Nf6 2. Nf3 g6 3. c4 Bg7 4. Nc3 O-O 5. e4 d6 6. Bd3 e5 7. d5 a5 8. O-O Na6
9. Bg5 h6 10. Bd2 Nh5 11. g3 Nc5 12. Be2 Nf6 13. Qc2 Nfxe4 14. Nxe4 Bf5 15. Bd3
Bxe4 16. Bxe4 f5 17. Nh4 Nxe4 18. Nxg6 Rf6 19. Nh4 Nxd2 20. Qxd2 b6 21. Rae1 Qd7
22. f4 Re8 23. fxe5 dxe5 24. Kh1 Rf7 25. Qc2 f4 26. Qg6 Qh3 27. Rxf4 Rxf4 28.
Qxe8+ Rf8 29. Qe6+ Qxe6 30. dxe6 Re8 31. Kg2 Rxe6 32. Kf3 Rd6 33. Re2 Rd3+ 34.
Kg2 a4 35. Nf5 Bf8 36. g4 Kf7 37. h4 Ke6 38. h5 Kf6 39. Ng3 Kg5 40. Rxe5+ Kxg4
41. Ne4 Bd6 42. Nf2+ Kh4 43. Re4+ 1-0

[Event "Mondiale Semilampo FIDE 2024"]
[Site "New York"]
[Date "26.12.2024"]
[Round "1.77"]
[White "Kvaloy, Aksel Bu"]
[Black "Suleymanli, Aydin"]
[Result "1/2-1/2"]
[WhiteTitle "IM"]
[BlackTitle "GM"]
[WhiteElo "2490"]
[BlackElo "2623"]
[WhiteFideId "1528815"]
[BlackFideId "13413937"]
[EventDate "26.12.2024"]

1. e4 e6 2. d4 d5 3. e5 c5 4. c3 Nc6 5. Nf3 Bd7 6. Be2 Nge7 7. Na3 cxd4 8. cxd4
Nf5 9. Nc2 Nb4 10. Nxb4 Bxb4+ 11. Bd2 Qb6 12. Bxb4 Qxb4+ 13. Qd2 a5 14. a3 Qb6
15. O-O O-O 16. Rfc1 Rfc8 17. Bd3 h6 18. Bxf5 exf5 19. Rxc8+ Rxc8 20. Rc1 Rxc1+
21. Qxc1 Qb3 22. h4 f4 23. Qc3 Qxc3 24. bxc3 Kh7 25. Ne1 Kg6 26. f3 Bb5 27. Kf2
Kf5 28. g3 g5 29. hxg5 hxg5 30. gxf4 gxf4 31. Ng2 Bc4 32. Ke1 Bd3 33. Kf2 Kg5
34. Ne1 Bf5 35. Ng2 b6 36. Ke2 Bh3 37. Ne1 Bd7 38. Ng2 Bf5 39. Kf2 Bg6 40. Ke2
Bf5 41. Kf2 Bc8 42. Ke2 Ba6+ 43. Kf2 Bc4 44. Ke1 Kf5 45. Kf2 Kg5 1/2-1/2

[Event "Mondiale Semilampo FIDE 2024"]
[Site "New York"]
[Date "26.12.2024"]
[Round "1.78"]
[White "Aravindh, Chithambaram VR."]
[Black "George, Kevin"]
[Result "1-0"]
[WhiteTitle "GM"]
[BlackTitle "IM"]
[WhiteElo "2718"]
[BlackElo "2270"]
[WhiteFideId "5072786"]
[BlackFideId "10669515"]
[EventDate "26.12.2024"]

1. Nf3 d5 2. g3 g6 3. Bg2 Bg7 4. d4 c6 5. O-O Nf6 6. c4 dxc4 7. a4 Ne4 8. h4 O-O
9. h5 a5 10. Nc3 Nd6 11. Bf4 h6 12. hxg6 fxg6 13. Qd2 Nf5 14. Rad1 g5 15. Be5 g4
16. Bxg7 gxf3 17. Bxf8 fxg2 18. Kxg2 Qxf8 19. Rh1 Qg7 20. Qf4 Qg5 21. Qe5 Nd7
22. Qe6+ Kg7 23. e4 Nd6 24. f4 Qf6 25. Qg4+ Qg6 26. Qf3 Nf6 27. f5 Nxf5 28. exf5
Bxf5 29. Rde1 e6 30. Qf4 Rd8 31. Rh4 Rd7 32. Qe5 Kf7 33. Rf4 h5 34. d5 cxd5 35.
Nb5 Ne4 36. Rf3 Qf6 37. Qb8 Qxb2+ 38. Kg1 Qf6 39. Ref1 Kg6 40. Qe8+ Qf7 41. Qb8
Qf6 42. Qe8+ Qf7 43. Qc8 Nd2 44. Rxf5 exf5 45. Rf4 Ne4 46. Nd4 Rc7 47. Qd8 Rd7
48. Qc8 Rc7 49. Qb8 Nd6 50. Nf3 Qe7 51. Qg8+ Kh6 52. Qh8+ Qh7 53. Qf8+ Qg7 54.
Qxd6+ Kh7 55. Ng5+ Qxg5 56. Qxc7+ Kg6 57. Qd6+ Kh7 58. Kf2 c3 59. Qc7+ Qg7 60.
Qxg7+ Kxg7 61. Ke3 Kf6 1-0

[Event "Mondiale Semilampo FIDE 2024"]
[Site "New York"]
[Date "26.12.2024"]
[Round "1.79"]
[White "Grahn, Vidar"]
[Black "Bologan, Victor"]
[Result "0-1"]
[WhiteTitle "FM"]
[BlackTitle "GM"]
[WhiteElo "2263"]
[BlackElo "2600"]
[WhiteFideId "1744780"]
[BlackFideId "13900048"]
[EventDate "26.12.2024"]

1. d4 d6 2. Nf3 Nf6 3. c4 g6 4. Nc3 Bg7 5. g3 O-O 6. Bg2 Nc6 7. O-O e5 8. dxe5
dxe5 9. Bg5 h6 10. Qxd8 Rxd8 11. Bxf6 Bxf6 12. Nd5 Kg7 13. Nxc7 Rb8 14. e4 Be7
15. Nd5 Bc5 16. Rfd1 Be6 17. b3 Rbc8 18. Rab1 a5 19. Nc3 f5 20. exf5 gxf5 21.
Rxd8 Rxd8 22. Rd1 Rxd1+ 23. Nxd1 e4 24. Ne1 Nd4 25. Ne3 Ne2+ 26. Kf1 Nc1 27.
N1c2 Nxa2 28. f3 exf3 29. Bxf3 b6 30. Bc6 Kf6 31. Ke1 Nc1 32. Ba4 Ke5 33. Kd2
Na2 34. Kd3 f4 35. gxf4+ Kxf4 36. Nd5+ Ke5 37. Nce3 h5 38. h4 Bf7 39. Ng2 Nb4+
40. Nxb4 Bxb4 41. Ke3 Bg6 42. Kf3 Be4+ 43. Kg3 Kd4 44. Be8 Bd6+ 45. Kf2 Kc3 46.
Bxh5 Kxb3 47. Ne3 Bc5 48. Bd1+ Kc3 49. h5 Kd2 0-1

[Event "Mondiale Semilampo FIDE 2024"]
[Site "New York"]
[Date "26.12.2024"]
[Round "1.80"]
[White "Vokhidov, Shamsiddin"]
[Black "Banh Gia Huy"]
[Result "1-0"]
[WhiteTitle "GM"]
[BlackTitle "IM"]
[WhiteElo "2681"]
[BlackElo "2422"]
[WhiteFideId "14204223"]
[BlackFideId "12424714"]
[EventDate "26.12.2024"]

1. e4 e6 2. d4 d5 3. Nd2 Nc6 4. Ngf3 Nf6 5. e5 Nd7 6. Nb3 a5 7. a4 Be7 8. Bf4 f6
9. exf6 Bxf6 10. Bb5 O-O 11. O-O Na7 12. Bxd7 Bxd7 13. Nxa5 b6 14. Nb3 Nc6 15.
Re1 Bxd4 16. Nfxd4 Rxf4 17. Nxe6 Bxe6 18. Rxe6 Qd7 19. Qe2 Rfxa4 20. Rxa4 Rxa4
21. Re8+ Kf7 22. Rh8 Re4 23. Qh5+ Ke7 24. f3 Re5 25. Qxh7 Kd6 26. h4 Qe7 27.
Qg6+ Kd7 28. Qg4+ Kd6 29. Qg3 Kd7 30. Rh7 Re1+ 31. Kh2 Qe3 32. Qxg7+ Ne7 33.
Qg4+ Kc6 34. Qd4 Qe2 35. Qc3+ Kb7 36. Rh5 Qf2 37. Qd4 Qxc2 38. Qb4 Re2 39. Rg5
Nc6 40. Qb5 Qc4 41. Nc5+ Qxc5 42. Qxe2 Qd6+ 43. g3 Nd4 44. Qd3 Qb4 45. Rxd5
Qxb2+ 46. Kh3 Nc6 47. Qe4 Qc1 48. Rg5 Qh1+ 49. Kg4 Qc1 50. h5 1-0

[Event "Mondiale Semilampo FIDE 2024"]
[Site "New York"]
[Date "26.12.2024"]
[Round "1.81"]
[White "Manon, Reja Neer"]
[Black "Nesterov, Arseniy"]
[Result "0-1"]
[WhiteTitle "IM"]
[BlackTitle "GM"]
[WhiteElo "2429"]
[BlackElo "2599"]
[WhiteFideId "10224009"]
[BlackFideId "24198455"]
[EventDate "26.12.2024"]

1. e4 e5 2. Nf3 Nf6 3. Nxe5 d6 4. Nf3 Nxe4 5. c4 Nc6 6. Be2 d5 7. cxd5 Qxd5 8.
O-O Bd6 9. Nc3 Nxc3 10. dxc3 Qxd1 11. Rxd1 O-O 12. Be3 Re8 13. Rd2 h6 14. Bb5 a6
15. Bxc6 bxc6 16. Nd4 Bd7 17. Nb3 a5 18. a4 Be6 19. Nd4 Bd5 20. Nb5 Be5 21. f4
Bxc3 22. bxc3 Rxe3 23. Nxc7 Rb8 24. Nxd5 cxd5 25. Rad1 Rxc3 26. Rxd5 Rb2 27.
R1d2 Rxd2 28. Rxd2 Rc4 29. f5 Rxa4 30. Rd8+ Kh7 31. Rd7 f6 32. g3 Ra2 33. Ra7 h5
34. h4 a4 35. Kf1 a3 36. Kg1 Kg8 37. Kh1 Kf8 38. Kg1 Ke8 39. Kh1 Kd8 40. Kg1 Kc8 0-1

[Event "Mondiale Semilampo FIDE 2024"]
[Site "New York"]
[Date "26.12.2024"]
[Round "1.82"]
[White "Dlugy, Maxim"]
[Black "Wanyama, Harold"]
[Result "1-0"]
[WhiteTitle "GM"]
[BlackTitle "FM"]
[WhiteElo "2514"]
[BlackElo "2154"]
[WhiteFideId "2000075"]
[BlackFideId "10000380"]
[EventDate "26.12.2024"]

1. d4 d5 2. Bf4 Nf6 3. e3 e6 4. Nd2 c5 5. c3 Nc6 6. Ngf3 Bd6 7. Bg3 O-O 8. Bd3
b6 9. Qe2 Bb7 10. Rd1 Qc7 11. e4 dxe4 12. Nxe4 Nxe4 13. Qxe4 g6 14. dxc5 bxc5
15. Bxd6 Qxd6 16. Ba6 Qc7 17. Bxb7 Qxb7 18. Ne5 Rac8 19. O-O Rfd8 20. h4 Na5 21.
Qf4 Nc6 22. Qf3 Na5 23. Qf6 Rxd1 24. Rxd1 Rf8 25. Rd7 1-0

[Event "Mondiale Semilampo FIDE 2024"]
[Site "New York"]
[Date "26.12.2024"]
[Round "1.83"]
[White "Hardaway, Brewington"]
[Black "Theodorou, Nikolas"]
[Result "1/2-1/2"]
[WhiteTitle "IM"]
[BlackTitle "GM"]
[WhiteElo "2499"]
[BlackElo "2600"]
[WhiteFideId "30941849"]
[BlackFideId "4262875"]
[EventDate "26.12.2024"]

1. e4 c5 2. Nf3 Nc6 3. Bb5 e5 4. O-O Nge7 5. d3 g6 6. Be3 d6 7. c3 a6 8. Ba4 Bg7
9. h3 O-O 10. Bb3 Na5 11. Bc2 h6 12. Qc1 Kh7 13. d4 cxd4 14. cxd4 Nc4 15. dxe5
Nc6 16. Nc3 Nxe3 17. Qxe3 dxe5 18. Nd5 Be6 19. Bb3 Nd4 20. Nxd4 exd4 21. Qg3 Rc8
22. Rad1 Rc5 23. Rfe1 a5 24. Nf4 Bd7 25. Bd5 Ba4 26. Rd2 Be5 27. Qf3 Qg5 28. g3
Qf6 29. Kg2 Bd7 30. Rh1 Rc7 31. Nd3 Qxf3+ 32. Kxf3 Bg7 33. Kg2 Bb5 34. Rc1 Rxc1
35. Nxc1 f5 36. exf5 Rxf5 37. Bxb7 a4 38. Be4 Re5 39. f3 Re6 40. Ne2 Rd6 41. Nf4
Bc4 42. h4 h5 43. Nxh5 Bh6 44. Rc2 Bxa2 45. Nf4 Bxf4 46. gxf4 Kh6 47. Kg3 Bb3
48. Rd2 Be6 49. Rc2 Bb3 50. Rd2 Be6 51. Rc2 1/2-1/2